Loading...
| Fine Arts - Classical Music | 0 | 9 | 0 | 2 | 90 | 16 | 65.56 | 3 | 7 |
| Literature - World Literature | 0 | 8 | 0 | 2 | 80 | 56 | 82.88 | 0 | 3 |
| Painting/Sculpture | 0 | 6 | 1 | 0 | 55 | 24 | 66.33 | 0 | 2 |
| Fine Arts - Other Fine Arts | 0 | 6 | 1 | 2 | 55 | 64 | 89.00 | 1 | 5 |
| Literature - European Literature | 0 | 6 | 2 | 2 | 50 | 58 | 86.17 | 0 | 5 |
| Literature - American Literature | 0 | 4 | 0 | 0 | 40 | 57 | 67.75 | 1 | 3 |
| History - European History | 0 | 4 | 1 | 0 | 35 | 46 | 56.25 | 1 | 3 |
| History - World History | 0 | 3 | 0 | 1 | 30 | 59 | 74.00 | 0 | 2 |
| Science - Other Science | 0 | 3 | 0 | 0 | 30 | 39 | 57.33 | 1 | 1 |
| Literature - British Literature | 0 | 3 | 0 | 0 | 30 | 51 | 55.33 | 0 | 2 |
| Science - Physics | 0 | 3 | 0 | 0 | 30 | 62 | 74.00 | 0 | 3 |
| Social Science | 0 | 2 | 0 | 0 | 20 | 49 | 67.00 | 0 | 2 |
| Science - Biology | 0 | 2 | 0 | 0 | 20 | 14 | 51.50 | 0 | 1 |
| Philosophy | 0 | 2 | 1 | 1 | 15 | 82 | 94.00 | 0 | 0 |
| Pop Culture | 0 | 1 | 0 | 0 | 10 | 49 | 49.00 | 0 | 1 |
| Current Events | 0 | 1 | 0 | 0 | 10 | 82 | 82.00 | 1 | 1 |
| Science - Chemistry | 0 | 1 | 0 | 0 | 10 | 74 | 74.00 | 0 | 0 |
| History - American History | 0 | 1 | 0 | 0 | 10 | 90 | 90.00 | 0 | 0 |
| Mythology | 0 | 1 | 0 | 0 | 10 | 100 | 100.00 | 0 | 0 |
| Geography | 0 | 1 | 1 | 0 | 5 | 62 | 62.00 | 0 | 1 |
| Religion | 0 | 1 | 2 | 1 | 0 | 103 | 103.00 | 0 | 0 |